>1>Show #9003 - Wednesday, December 27, 2023>div>
>2023-2024 Second Chance competition week 2, semifinal game 2.

Contestants

>[&lt;< previous game]

> href="showplayer.php?player_id=17209" rel="external">Tammy Groner>, a legal assistant from Hamilton, New Jersey

> href="showplayer.php?player_id=17210" rel="external">Greg Czaja>, a cardiologist from San Diego, California

> href="showplayer.php?player_id=17211" rel="external">Ben Hebert>, a shipping manager from Chicago, Illinois

>[next game >>]

Jeopardy! Round

ble class="round"> <tr> <tr>able>
>2023 SPORTS HIGHLIGHT REEL
>td>
<tr> <tr>able>
>PRESIDENTS NOT PRESIDENTING
>td>
<tr> <tr>able>
>IN MY CEILINGS
>td>
<tr> <tr>able>
>VÁMONOS A MEXICO!
>td>
<tr> <tr>able>
>POETRY ABOUT PROSE
>td>
<tr> <tr>able> </tr> <tr> </tr> <tr> </tr> <tr> </tr> <tr> </tr> <tr> </tr> <tr> </tr> <tr> </tr> <tr> </tr> <tr> </tr> <tr> </tr> <tr> </tr> <tr> </tr> <tr> </tr> <tr> </tr> <tr> </tr> <tr> </tr> <tr> </tr> <tr> </tr> <tr> </tr> <tr> </tr> <tr> </tr> <tr> </tr> <tr> </tr> <tr> </tr> <tr> </tr> <tr> </tr> <tr> </tr> <tr> </tr> <tr> </tr> <tr> </tr> <tr> </tr> <tr> </tr> <tr> </tr> <tr> </tr> <tr> </tr>
>RHYMING TREE PAIRS
>td>
<tr> <td>
>&#160;   >$200 > href="suggestcorrection.php?clue_id=510277" title="Suggest a correction for this clue" rel="nofollow">19>td>
>A field goal with 8 seconds left gave this team a 38-35 win over the Eagles in Super Bowl 57 <tr> <td>
>&#160;   >$200 > href="suggestcorrection.php?clue_id=510284" title="Suggest a correction for this clue" rel="nofollow">23>td>
>According to Carl Sandburg, this jacked 6'4" skilled wrestler was known to taunt, "I'm the big buck of this lick" <tr> <td>
>&#160;   >$200 > href="suggestcorrection.php?clue_id=510285" title="Suggest a correction for this clue" rel="nofollow">30>td>
>In 2023 this was suspended at $31.4 trillion; it's a 2-word term for the cap that limits the money the govt. is allowed to borrow <tr> <td>
>&#160;   >$200 > href="suggestcorrection.php?clue_id=510287" title="Suggest a correction for this clue" rel="nofollow">28>td>
>Around Tulum, visit the water-filled sinkholes called cenotes> &amp; explore the pre-Columbian ruins> of this people <tr> <td>
>&#160;   >$200 > href="suggestcorrection.php?clue_id=510290" title="Suggest a correction for this clue" rel="nofollow">29>td>
>1969 / Corleones are new / No horses were harmed / In making this clue <tr> <td>
>&#160;   >$200 > href="suggestcorrection.php?clue_id=510273" title="Suggest a correction for this clue" rel="nofollow">15>td>
>A funny story with a punchline about an acorn-bearing tree <tr> <td>
>&#160;   >$400 > href="suggestcorrection.php?clue_id=510278" title="Suggest a correction for this clue" rel="nofollow">20>td>
>For the first time, the U.S. women didn't reach the semifinals of this, getting knocked out by Sweden in the round of 16 <tr> <td>
>&#160;   >$400 > href="suggestcorrection.php?clue_id=510268" title="Suggest a correction for this clue" rel="nofollow">10>td>
>In the 1830s this presidential nepo baby's epic poem "Dermot MacMorrogh" was poorly reviewed <tr> <td>
>&#160;   >$400 > href="suggestcorrection.php?clue_id=510286" title="Suggest a correction for this clue" rel="nofollow">27>td>
>Two food names for the type of ceiling seen here> are popcorn & this dairy one <tr> <td>
>&#160;   >$400 > href="suggestcorrection.php?clue_id=510288" title="Suggest a correction for this clue" rel="nofollow">25>td>
>Take in the beautiful blue agave fields near this town in Jalisco that gave its name to a potent potable <tr> <td>
>&#160;   >$400 26>td>
A tale of London / In times that were hard / Detailing the far north / & a shepherd-St. Bernard <tr> <td>
>&#160;   >$400 18>td>
A house of worship built from a fine-grained tree with thin, peeling bark <tr> <td>
>&#160;   $600 1>td>
>He won 3 of 4 men's Grand Slam singles titles, but lost at Wimbledon to young Carlos Alcaraz <tr> <td>
>&#160;   $600 5>td>
He read "Anna Karenina" aboard a boat while chasing 3 thieves down a river in the Dakota Territory <tr> <td>
>&#160;   DD: $1,800 8>td>
In 2016 Hillary Clinton said, "We have still not shattered that highest & hardest" this, "but someday someone will" <tr> <td>
>&#160;   $600 7>td>
Won't you have another glass of Mexican wine at a vineyard in the Valle de Guadalupe on this peninsula <tr> <td>
>&#160;   $600 9>td>
4 Kansas murders / Which led to conviction / In a new type of novel / That was somehow nonfiction <tr> <td>
>&#160;   $600 14>td>
A placard made from evergreen <tr> <td>
>&#160;   $800 2>td>
In the most-viewed women's college game ever, Angel Reese & these Tigers beat Iowa for the NCAA basketball crown <tr> <td>
>&#160;   $800 3>td>
This man told a friend, "Palladio is the Bible", as he was something of a fanboy for the 16th century Italian architect <tr> <td>
>&#160;   $800 17>td>
In 1508 Pope Julius II commissioned some frescoes for the ceiling of this place; took 5 years to paint, but yeah... worth it <tr> <td>
>&#160;   $800 22>td>
The origins of this taco filling seen >here that means "shepherd style" is linked to Lebanese immigrants in Mexico <tr> <td>
>&#160;   $800 11>td>
Doubles! they're doubles! / But they're thought quite insane / A royal mistake / Time to catch an old Twain <tr> <td>
>&#160;   $800 13>td>
Hard, brown valuable wood of Asia polished to an attractive shine <tr> <td>
>&#160;   $1000 6>td>
In August, >this YouTube star turned fighter beat MMA star Nate Diaz in a 10-round boxing match <tr> <td>
>&#160;   $1000 4>td>
A big cockfight enthusiast, this man was known to yell "Twenty dollars on my Bernadotte!" outside the Old Nashville Inn <tr> <td>
>&#160;   $1000 > href="suggestcorrection.php?clue_id=510280" title="Suggest a correction for this clue" rel="nofollow">21>td>
>A vaulted ceiling that follows the sloping sides of a roof is this type, like a grand building of Chartres or Cologne <tr> <td>
>&#160;   $1000 > href="suggestcorrection.php?clue_id=510289" title="Suggest a correction for this clue" rel="nofollow">24>td>
>To some experts, the chirping echo you hear when you clap next to a pyramid in Chichen Itza mirrors the sound of this "Q"ute bird <tr> <td>
>&#160;   $1000 > href="suggestcorrection.php?clue_id=510282" title="Suggest a correction for this clue" rel="nofollow">16>td>
>A disfigured guy / Falls for a woman in Paris, it's true / Sounds like it's "Hunchback" / But it's by a man named Leroux <tr> <td>
>&#160;   $1000 > href="suggestcorrection.php?clue_id=510276" title="Suggest a correction for this clue" rel="nofollow">12>td>
>Syrup-giving tree wood for the Bishop of Rome

Scores at the first commercial break (after clue 15):

Ben Greg Tammy
$3,400 $4,000 $1,200

Scores at the end of the Jeopardy! Round:

Ben Greg Tammy
$5,600 $6,400 $3,200

Double Jeopardy! Round

ble class="round">
<tr> <tr>able>
>BAYS
>td>
<tr> <tr>able>
>BIBLE QUOTES
>td>
<tr> <tr>able>
>12-LETTER SCIENCE WORDS
>td>
<tr> <tr>able>
>REPORTING THE NEWS
>td>
<tr> <tr>able>
>POP CULTURE BEFORE & AFTER
>td>
<tr> <tr>able> </tr> <tr> </tr> <tr> </tr> <tr> </tr> <tr> </tr> <tr> </tr> <tr> </tr> <tr> </tr> <tr> </tr> <tr> </tr> <tr> </tr> <tr> </tr> <tr> </tr> <tr> </tr> <tr> </tr> <tr> </tr> <tr> </tr> <tr> </tr> <tr> </tr> <tr> </tr> <tr> </tr> <tr> </tr> <tr> </tr> <tr> </tr> <tr> </tr> <tr> </tr> <tr> </tr> <tr> </tr> <tr> </tr> <tr> </tr> <tr> </tr> <tr> </tr> <tr> </tr> <tr> </tr> <tr> </tr> <tr> </tr> able> >Scores at the end of the Double Jeopardy! Round:
>"OB"VIOUS RESPONSES
>td>
<tr> <td>
>&#160;   >$400 > href="suggestcorrection.php?clue_id=510317" title="Suggest a correction for this clue" rel="nofollow">27>td>
>This bay on the southern side of Cuba is home to a U.S. naval base <tr> <td>
>&#160;   >$400 > href="suggestcorrection.php?clue_id=510309" title="Suggest a correction for this clue" rel="nofollow">23>td>
>Ecclesiastes 8: Do this & this & "be merry" <tr> <td>
>&#160;   >$400 > href="suggestcorrection.php?clue_id=510318" title="Suggest a correction for this clue" rel="nofollow">28>td>
>In physics it's the rate of change of velocity with respect to time, not necessarily an increase in speed <tr> <td>
>&#160;   >$400 > href="suggestcorrection.php?clue_id=510319" title="Suggest a correction for this clue" rel="nofollow">30>td>
>In 2003 this neurosurgeon of Indian & Pakistani descent reported for CNN in Iraq but also did brain surgery on wounded soldiers <tr> <td>
>&#160;   >$400 > href="suggestcorrection.php?clue_id=510314" title="Suggest a correction for this clue" rel="nofollow">24>td>
>Link's video game franchise links up with the wife of writer F. Scott <tr> <td>
>&#160;   >$400 > href="suggestcorrection.php?clue_id=510321" title="Suggest a correction for this clue" rel="nofollow">26>td>
>It's the state of being able to make decisions based on facts, not on opinions or emotions <tr> <td>
>&#160;   $800 > href="suggestcorrection.php?clue_id=510308" title="Suggest a correction for this clue" rel="nofollow">25>td>
>Chesapeake Bay is an estuary that's home to this "colorful" crustacean that's best eaten on the bay with bae & with some Old Bay <tr> <td>
>&#160;   $800 > href="suggestcorrection.php?clue_id=510310" title="Suggest a correction for this clue" rel="nofollow">22>td>
>1 Peter 4: "And above all things have fervent charity among yourselves: for charity shall cover the multitude of" these <tr> <td>
>&#160;   $800 > href="suggestcorrection.php?clue_id=510295" title="Suggest a correction for this clue" rel="nofollow">4>td>
>This layer of the Earth's atmosphere lies between the troposphere & the mesosphere <tr> <td>
>&#160;   $800 > href="suggestcorrection.php?clue_id=510320" title="Suggest a correction for this clue" rel="nofollow">29>td>
>After a bone marrow transplant, she told viewers on Feb. 20, 2013, "I have been waiting 174 days to say this: Good morning, America!" <tr> <td>
>&#160;   $800 > href="suggestcorrection.php?clue_id=510303" title="Suggest a correction for this clue" rel="nofollow">15>td>
>Ken's rhyming dream abode in the film "Barbie" hatches into a prequel of "Game of Thrones" <tr> <td>
>&#160;   $800 > href="suggestcorrection.php?clue_id=510315" title="Suggest a correction for this clue" rel="nofollow">21>td>
>This condition, OCD, is characterized by recurring, time-consuming behaviors that interfere with normal functioning <tr> <td>
>&#160;   $1200 > href="suggestcorrection.php?clue_id=510293" title="Suggest a correction for this clue" rel="nofollow">3>td>
>A South Florida national park with this bay in its name is home to more than 500 species of reef fish <tr> <td>
>&#160;   DD: $3,000 > href="suggestcorrection.php?clue_id=510297" title="Suggest a correction for this clue" rel="nofollow">6>td>
>Matthew 21: "My house shall be called the house of prayer; but ye have made it" this burrow for burglars <tr> <td>
>&#160;   $1200 > href="suggestcorrection.php?clue_id=510299" title="Suggest a correction for this clue" rel="nofollow">7>td>
>Sugars & starches are this type of organic compound with a name meaning "watered carbon" <tr> <td>
>&#160;   $1200 > href="suggestcorrection.php?clue_id=510300" title="Suggest a correction for this clue" rel="nofollow">8>td>
>Let's go "Face to Face"--> href="https://www.j-archive.com/media/2023-12-27_DJ_08.jpg" target="_blank">this> Peabody winner was the first Asian person & the second woman to anchor a major U.S. network newscast <tr> <td>
>&#160;   $1200 > href="suggestcorrection.php?clue_id=510304" title="Suggest a correction for this clue" rel="nofollow">14>td>
>The Bronx female rapper on "Boy's A Liar, Pt. 2" joins forces with a British girl group featuring Posh & Sporty <tr> <td>
>&#160;   $1200 > href="suggestcorrection.php?clue_id=510316" title="Suggest a correction for this clue" rel="nofollow">20>td>
>These muscles seen here> cover the sides of the abdomen & help rotate your trunk <tr> <td>
>&#160;   $1600 > href="suggestcorrection.php?clue_id=510294" title="Suggest a correction for this clue" rel="nofollow">2>td>
>In song, "The boys of the NYPD choir were singing" of this Irish place <tr> <td>
>&#160;   $1600 > href="suggestcorrection.php?clue_id=510311" title="Suggest a correction for this clue" rel="nofollow">18>td>
>2 Timothy 4: "I have fought a good fight, I have finished my course, I have" succeeded in this retention of belief >BenTammy>tr>>able width="100%">r>d class="wrong">Triple Stumper>tr>>td> </tr> able> <tr> <td>
>&#160;   DD: $10,400 5>td>
Studies have shown that some shrews use this process, emitting high-pitched squeaks as a guide in the dark <tr> <td>
>&#160;   $1600 16>td>
One of Time's "25 Most Influential Hispanics in the U.S.", he began anchoring "Noticiero Univision" at age 28 in 1986 <tr> <td>
>&#160;   $1600 1>td>
A certain ancient civilization that men obsess over in a TikTok trend time travels & becomes a Jay-Z song about NYC <tr> <td>
>&#160;   $1600 11>td>
This 4-sided style of column typically tapers towards the top & ends in a pyramid <tr> <td>
>&#160;   $2000 12>td>
Originally named Rio de Janeiro Bay, >this bay means "bosom of the sea" in the Tupi language <tr> <td>
>&#160;   $2000 19>td>
Genesis 37: "Now Israel loved Joseph more than all his children... and he made him" this showy item <tr> <td>
>&#160;   $2000 17>td>
From Latin for "heap" & "rain cloud", >this mushroom-shaped cloud brings the thunder <tr> <td>
>&#160;   $2000 13>td>
>She moderated two vice presidential debates & with Judy Woodruff on PBS, became part of U.S. network broadcasting's first female co-anchor team <tr> <td>
>&#160;   $2000 10>td>
A "Fresh Off the Boat" actress joins the rap group with members RZA, GZA & Ghostface Killah <tr> <td>
>&#160;   $2000 9>td>
In music this term means mandatory, to be played without omission; it often refers to an instrumental accompaniment
Ben Greg Tammy
>$11,600 >$29,000 $8,800
>td> >(<a href="help.php#lock">lock game>)</td>
> href="wageringcalculator.php?a=29000&b=11600&c=8800&player_a=Greg&player_b=Ben&player_c=Tammy">[wagering suggestions for these scores]

>Final Jeopardy! Round
</table> </tr> <tr>
>AMERICANA
>td>
<tr> <td id="clue_FJ" class="clue_text">After "Black Monday" in 1987, sculptor Arturo Di Modica put a statue of one of these in Manhattan to symbolize strength & power able> >Final scores:
Ben Greg Tammy
>$17,601 >$29,000 $8,800
>2nd place: $3,000 >Finalist 3rd place: $2,000
>Game dynamics: Game dynamics graph

>Coryat scores:

Ben Greg Tammy
>$11,600 $17,200 $8,800
20 R,
>5 W
>21 R
(including 3 DDs),
>1 W
>12 R,
1 W

>Combined Coryat: $37,600

>[game responses] >[game scores] >[suggest correction]

Game tape date: 2023-11-29
The J! Archive is created by fans, for fans. Scraping, republication, monetization, and malicious use prohibited; this site may use cookies and collect identifying information. See terms. The Jeopardy! game show and all elements thereof, including but not limited to copyright and trademark thereto, are the property of Jeopardy Productions, Inc. and are protected under law. This website is not affiliated with, sponsored by, or operated by Jeopardy Productions, Inc. Join the discussion at JBoard.tv.